| 000 -LEADER |
| fixed length control field |
00302nam a2200109Ia 4500 |
| 008 - FIXED-LENGTH DATA ELEMENTS--GENERAL INFORMATION |
| fixed length control field |
201217s9999 xx 000 0 und d |
| 100 ## - MAIN ENTRY--PERSONAL NAME |
| Personal name |
United Nations Environment Programme |
| 245 #0 - TITLE STATEMENT |
| Title |
World Resources 1990 - 1991 (Report) |
| 260 ## - PUBLICATION, DISTRIBUTION, ETC. |
| Place of publication, distribution, etc. |
New York |
| Name of publisher, distributor, etc. |
Oxford University Press |
| 300 ## - PHYSICAL DESCRIPTION |
| Extent |
381 |
| 942 ## - ADDED ENTRY ELEMENTS (KOHA) |
| Koha item type |
Books |